|
|
|
|
| LEADER |
00000nam0a2200000 4500 |
| 001 |
293211 |
| 005 |
20231102000554.0 |
| 010 |
|
|
|a 5283047572
|
| 035 |
|
|
|a (RuTPU)RU\TPU\book\318176
|
| 035 |
|
|
|a RU\TPU\book\61355
|
| 090 |
|
|
|a 293211
|
| 100 |
|
|
|a 20150429d2015 m y0rusy50 ca
|
| 101 |
0 |
|
|a rus
|
| 102 |
|
|
|a RU
|
| 105 |
|
|
|a a j 001zy
|
| 200 |
1 |
|
|a Техника высоких напряжений
|e учебник
|f И. М. Богатенков, Ю. Н. Бочаров, Н. И. Гумерова [и др.]
|g под ред. Г. С. Кучинского
|
| 210 |
|
|
|a Екатеринбург
|c АТП
|d 2015
|
| 215 |
|
|
|a 606 с.
|c ил.
|
| 320 |
|
|
|a Библиогр.: с. 598-600.
|
| 330 |
|
|
|a Изложены вопросы электрических разрядов в газообразных, жидких, твердых и комбинированных диэлектриках, внутренние и грозовые перенапряжения в электрических сетях, меры и средства защиты от них; конструкция и методы расчета внешней изоляции линий электропередачи и подстанций, изоляция оборудования высокого напряжения (силовых трансформаторов, конденсаторов, кабелей, электрических машин), высоковольтные испытательные установки, испытания и измерения.Для студентов энергетических, электромеханических и электро -физических специальностей вузов, может быть полезна для инженерно -технических работников заводов, энергосистем, проектных и научно -исследовательских институтов.
|
| 606 |
1 |
|
|a Техника высоких напряжений
|2 stltpush
|3 (RuTPU)RU\TPU\subj\60029
|9 77519
|
| 610 |
1 |
|
|a электротехника
|
| 610 |
1 |
|
|a высокие напряжения
|
| 610 |
1 |
|
|a ТВН
|
| 610 |
1 |
|
|a газы
|
| 610 |
1 |
|
|a электрофизические процессы
|
| 610 |
1 |
|
|a разряды
|
| 610 |
1 |
|
|a лавинная форма
|
| 610 |
1 |
|
|a канальная форма
|
| 610 |
1 |
|
|a ионизованные газы
|
| 610 |
1 |
|
|a жидкие диэлектрики
|
| 610 |
1 |
|
|a твердые диэлектрики
|
| 610 |
1 |
|
|a электрическая прочность
|
| 610 |
1 |
|
|a перенапряжения
|
| 610 |
1 |
|
|a защита
|
| 610 |
1 |
|
|a подстанции
|
| 610 |
1 |
|
|a электрические машины
|
| 610 |
1 |
|
|a квазистационарные перенапряжения
|
| 610 |
1 |
|
|a коммутационные перенапряжения
|
| 610 |
1 |
|
|a электротехническое оборудование
|
| 610 |
1 |
|
|a изоляция
|
| 610 |
1 |
|
|a воздушные линии электропередачи
|
| 610 |
1 |
|
|a проходные изоляторы
|
| 610 |
1 |
|
|a силовые трансформаторы
|
| 610 |
1 |
|
|a силовые конденсаторы
|
| 610 |
1 |
|
|a кабели силовые
|
| 610 |
1 |
|
|a испытательные установки
|
| 610 |
1 |
|
|a высоковольтные установки
|
| 610 |
1 |
|
|a напряжения
|
| 610 |
1 |
|
|a ток
|
| 610 |
1 |
|
|a измерения
|
| 610 |
1 |
|
|a испытания
|
| 610 |
1 |
|
|a учебники
|
| 675 |
|
|
|a 621.3.027.3(075.8)
|v 3
|
| 701 |
|
1 |
|a Богатенков
|b И. М.
|g Игорь Михайлович
|
| 701 |
|
1 |
|a Бочаров
|b Ю. Н.
|g Юрий Николаевич
|
| 701 |
|
1 |
|a Гумерова
|b Н. И.
|g Натэлла Идрисовна
|
| 701 |
|
1 |
|a Иманов
|b Г. М.
|g Гейдар Мамедович
|
| 701 |
|
1 |
|a Кизеветтер
|b В. Е.
|g Владимир Евгеньевич
|
| 701 |
|
1 |
|a Костенко
|b М. В.
|g Михаил Владимирович
|
| 701 |
|
1 |
|a Кучинский
|b Г. С.
|g Георгий Станиславович
|
| 701 |
|
1 |
|a Михайлов
|b Ю. А.
|g Юрий Александрович
|
| 701 |
|
1 |
|a Таджибаев
|b А. И.
|g Алексей Ибрагимович
|
| 702 |
|
1 |
|a Кучинский
|b Г. С.
|g Георгий Станиславович
|4 340
|
| 801 |
|
1 |
|a RU
|b 63413507
|c 20031121
|g PSBO
|
| 801 |
|
2 |
|a RU
|b 63413507
|c 20220322
|g PSBO
|
| 900 |
|
|
|a Техника и физика высоких напряжений
|
| 900 |
|
|
|a Молниезащита
|
| 900 |
|
|
|a Электрофизические процессы в газах, жидких и твердых диэлектриках
|
| 900 |
|
|
|a Перенапряжения и координация изоляции
|
| 900 |
|
|
|a Высоковольтная техника
|
| 900 |
|
|
|a Высоковольтные испытательные установки и измерения
|
| 942 |
|
|
|c BK
|
| 951 |
|
|
|l 8
|